000 01268nam a2200325 a 4500
001 000114987
003 CHAP
005 20220329144507.0
008 180824s2018 mx |sm |||||||spa d
010 _a111448
011 _a112420
040 _cCHAP
090 _aTesis
100 1 _aVillareal Novelo, Felipe de Jesús.
_9135388
245 1 0 _aEvaluación del comportamiento fenológico de diez variedades de arándano alto (Vaccinium corymbosum L.) en el municipio de Unión de Tula, Jalisco
_h[En línea]
_cpor Felipe de Jesús Villareal Novelo.
260 _aChapingo, Méx. :
_bEl autor,
_c2018.
500 _aPara ver el contenido del material haga clic en la liga
502 _aTesis (Ing. Agr. Esp. en Fitotecnia) -- UACH. Departamento de Fitotecnia
590 _aBATCH-UPD
_b05
_c20180824
_lUCH01
_h1223
590 _aE11695DGD
_b10
_c20190529
_lUCH01
_h1203
590 _aE5765TAJ
_b05
_c20180824
_lUCH01
_h1222
590 _aE5765TAJ
_b05
_c20180824
_lUCH01
_h1229
650 1 4 _aArandano
_xCultivo
_zJalisco.
_9129306
650 1 4 _aArandano
_xEfectos del medio ambiente.
_9135390
650 1 4 _aArandano
_xVariedades.
_9135389
856 _aFinding aid
_uhttp://10.13.5.2/tesis/sist114987.pdf
_zTeclea aquí
901 _aBK
942 _cTESIS
942 _n0
999 _c111448
_d111448